Spot tests in inorganic analysis /
Guardado en:
| Autor Principal: | |
|---|---|
| Formato: | Libro |
| Idioma: | English |
| Publicado: |
Amsterdam ; New York :
Elsevier Pub.,
1958.
|
| Edición: | 5th, enl. and rev. English ed. |
| Etiquetas: |
Agregar Etiqueta
Sin Etiquetas, Sea el primero en etiquetar este registro!
|
| LEADER | 00746nam a22001815a 4500 | ||
|---|---|---|---|
| 001 | EEA.libagro000508 | ||
| 005 | 20151001130054.0 | ||
| 008 | 130809s1958####nyua##########000#0#eng#d | ||
| 082 | 0 | 4 | |a 546 |
| 082 | 0 | 4 | |a 543.08 |
| 100 | 1 | |a Feigl, Fritz, |d 1891- | |
| 240 | 1 | 0 | |a Qualitative Analyse mit Hilfe von Tüpfelreaktionen. |l Inglés |
| 245 | 1 | 0 | |a Spot tests in inorganic analysis / |c Translated by Ralph E. Oesper. |
| 250 | |a 5th, enl. and rev. English ed. | ||
| 260 | |a Amsterdam ; |a New York : |b Elsevier Pub., |c 1958. | ||
| 300 | |a 600 p. : |b il. ; |c 24 cm. | ||
| 500 | |a Translation of the first part of a work originally published under title: Qualitative Analyze mit Hilfe von Tüpfelreaktionen. | ||
| 859 | |a AR-BbBCA |b BIB. AGRONOMIA |h 546 |i F297 |p 1963/0059 | ||
